000 00784nam a22001937a 4500
003 SISC
005 20170529134113.0
008 170529b xxu||||| |||| 00| 0 eng d
020 _a9780415709989
050 _aLC 4706.G7
_b.R68 2015
245 _aThe Routledge companion to severe, profound and multiple learning difficulties /
_cedited by Penny Lacey, Rob Ashdown, Phyllis Jones, Hazel Lawson and Michele Pipe.
260 _aLondon :
_bRoutledge,
_c2015.
300 _axix, 435 pages :
_billustrations ;
_c23 cm.
500 _aIncludes glossary and index.
650 _aLearning disabled children -- Education -- Great Britain.
650 _aLearning disabled -- Services for -- Great Britain.
650 _aLearning disabled -- Education -- Great Britain.
942 _2lcc
_cBK
999 _c335181
_d335181